Statistiche per Paesi dell'Eurozona

Clicka qui per fare il quiz!

Statistiche generali

  • Questo quiz è stato fatto 27 volte
  • Il punteggio medio è 17 su 20

Statistiche sulle risposte

AdozionePaese% Corretto
1999Austria
100%
1999Francia
100%
1999Germania
100%
1999Italia
100%
1999Portogallo
100%
1999Spagna
100%
2001Grecia
96%
1999Belgio
92%
1999Lussemburgo
92%
2009Slovacchia
88%
2007Slovenia
88%
2023Croazia
84%
2011Estonia
84%
2014Lettonia
84%
2015Lituania
84%
2008Malta
80%
1999Paesi Bassi
80%
1999Irlanda
76%
1999Finlandia
68%
2008Cipro
48%

Distribuzione punteggi

Percentile per numero di risposta

Percentuale di utenti per punteggio

I tuoi punteggi nel tempo

Non hai fatto questo quiz